Avifauna como bioindicadora para avaliação da restauração florestal: estudo de caso em uma floresta restaurada com 40 anos em Viçosa - MG (Registro n. 259897)
[ somente texto ]
| 000 -LÍDER | |
|---|---|
| fixed length control field | 03680nab a2200265 i 4500 |
| 003 - CÓDIGO MARC DA AGÊNCIA CATALOGADORA | |
| Campo de controle | BR-BrBNA |
| 005 - DATA E HORA DA ÚLTIMA ATUALIZAÇÃO | |
| Campo de controle | 20231207125333.0 |
| 008 - CAMPO DE TAMANHO FIXO | |
| fixed length control field | 231207b2018 bl.qr|pooa||| 00| 0 por | |
| 040 ## - FONTE DA CATALOGAÇÃO | |
| Agência catalogadora | BR-BrBNA |
| Idioma da catalogação | por |
| 072 ## - CATEGORIA AGRIS | |
| Código AGRIS | K10 |
| 100 ## - ENTRADA PRINCIPAL - NOME PESSOAL | |
| Nome pessoal | Volpato, Graziele Hernandes |
| 100 ## - ENTRADA PRINCIPAL - NOME PESSOAL | |
| Nome pessoal | Miranda Neto, Aurino |
| 100 ## - ENTRADA PRINCIPAL - NOME PESSOAL | |
| Nome pessoal | Martins, Sebastião Venâncio |
| 245 ## - TÍTULO PRINCIPAL | |
| Título principal | Avifauna como bioindicadora para avaliação da restauração florestal: estudo de caso em uma floresta restaurada com 40 anos em Viçosa - MG |
| 500 ## - NOTA GERAL | |
| Nota geral | Publicação on-line; 43 ref.; 2 tables; 1 illus.; Summaries (En, Pt) |
| 942 ## - ADDED ENTRY ELEMENTS (KOHA) | |
| Koha item type | |
| 520 ## - NOTA DE RESUMO | |
| Nota de conteúdo | <br/><br/>RESUMO<br/>O método ponto de escuta foi utilizado com o objetivo de avaliar a comunidade de aves em um pequeno<br/>trecho de 1 ha de floresta restaurada com mais de 40 anos de implantação, no município de Viçosa - MG.<br/>Um total de 20 pontos foi amostrado no período reprodutivo das aves no ano de 2011. Foram registrados 31<br/>espécies de aves e 160 contatos, sendo a maioria das espécies típicas da Floresta Estacional Semidecidual e<br/>cinco espécies endêmicas do Bioma Mata Atlântica. No presente estudo, a presença de aves consumidora de<br/>frutos e de aves insetívoras de sub-bosque que apresentam pouca tolerância a ambientes abertos e de forte<br/>insolação, sugere a boa qualidade do habitat amostrado, confirmando que a floresta restaurada se encontra<br/>em estádio avançado de sucessão, conforme estudos anteriores. Os resultados do presente estudo também<br/>demonstram que mesmo em uma área pequena e com poucos dias de amostragens foi possível obter uma<br/>rápida caracterização da comunidade de aves e, a partir dessa composição, relacioná-la com as condições<br/>do habitat, permitindo uma avaliação segura do sucesso de um projeto de restauração florestal.<br/><br/>Palavras-chave: aves frugívoras; aves insetívoras; sub-bosque; Mata Atlântica; recuperação ambiental. |
| 520 ## - NOTA DE RESUMO | |
| Nota de conteúdo | <br/><br/>ABSTRACT<br/>The point-counts method was used to evaluate the bird community in a small patch of forest (1 ha) restored<br/>through reforestation, with more than 40 years of deployment, in Viçosa, MG state. In total, 20 points were<br/>sampled in the reproductive period of the birds, during 2011. A total of 31 bird species and 160 contacts were<br/>recorded, and all species were identified as typical from a semi-deciduous forest and included five endemic<br/>species of the Atlantic forest biome. In the present study, the presence of frugivorous and insectivorous<br/>birds in the understory with little tolerance for open environments and strong insolation, suggests the good<br/>quality of the sampled habitat, confirming that the restored forest is in an advanced stage of succession.<br/>The results of this study also demonstrate that even in a small area, and with a few days of sampling, it is<br/>possible to obtain a rapid characterization of the bird community, being possible to associate it to the habitat<br/>conditions and allowing a safe evaluation of the success of a forest restoration project.<br/><br/>Keywords: Frugivores; insectivores; understory; Atlantic forest; environmental recovery. |
| 650 ## - ASSUNTO - THESAGRO | |
| Cabeçalho tópico ou nome geográfico | MATA ATLÂNTICA |
| 650 ## - ASSUNTO - THESAGRO | |
| Cabeçalho tópico ou nome geográfico | AVE SELVAGEM |
| 650 ## - ASSUNTO - THESAGRO | |
| Cabeçalho tópico ou nome geográfico | FLORESTA |
| 773 0# - ENTRADA ANALÍTICA | |
| Host Biblionumber | 4065 |
| Registro do item | 198128 |
| Imprenta | Santa Maria-RS Universidade Federal de Santa Maria - Centro de Pesquisas Florestais.Departamento de Ciências Florestais. Programa de Pós-Graduação em Engenharia Florestal 1991 |
| Outro identificador | 2023-437009 |
| Título | Ciência Florestal (Brazil) |
| ISSN | 0103-9954; 1980-5098 (on-line) |
| Colação | v. 28(1) p. 336-344; (Jan-Mar 2018) |
| Número de controle de registro | BR2023001445 |
| 856 ## - ACESSO E ENDEREÇO ELETRÔNICO | |
| Identificador uniforme de recurso - URI | https://www.scielo.br/j/cflo/a/sVgGfrmKKwyKTSmysf9TP9p/?format=pdf&lang=pt |
Nenhum exemplar disponível.

BINAGRI